Statistics for Maths by John and Anya

Click here to take the quiz!

General Stats

  • This quiz has been taken 34 times
  • The average score is 9 of 15

Answer Stats

HintAnswer% Correct
6969^01
100%
3*412
100%
1+0.5+0.25+0.125+...2
100%
525/2521
91%
6789689*234537*00
87%
6+511
83%
e^ln(2^4)16
57%
(18*21+9*6)/(3^3)16
57%
i^7-i
52%
x^2=6x-9;x=3
48%
42^21764
43%
sin(30°)0.5
39%
2020^2-20^24080000
30%
A TV is reduced by 30% to £63. How much was it originally?£90
30%
Do you like maths?Oui
9%

Score Distribution

Percentile by Number Answered

Percent of People with Each Score

Your Score History

You have not taken this quiz